000 00356nam a2200145Ia 4500
005 20251222144849.0
008 251222s9999||||xx |||||||||||||| ||spa||
020 _a9789972957468
082 _a869.56/Q74
100 _aQuiróz Castañeda, Eugenia
245 0 _aTe Sueño Cada Día:
250 _a1ra.ed.
264 _bEditorial Bracamoros
942 _cLIB
999 _c21541
_d21541